Clubes de futebol com mais títulos por estado - Statistics

Estatísticas Gerais
  • Esse quiz foi jogado 1 715 vezes
  • A pontuação média é 16 de 27
Estatísticas das Respostas
Estado Número de Títulos Equipe % Correto
Rio de Janeiro 33 Flamengo
96%
São Paulo 27 Corinthians
95%
Bahia 46 Bahia
94%
Minas Gerais 43 Atlético
93%
Ceará 43 Ceará
92%
Rio Grande do Sul 45 Internacional
92%
Goiás 26 Goiás
91%
Paraná 37 Coritiba
83%
Pernambuco 40 Sport
82%
Pará 46 Paysandu
74%
Alagoas 37 CSA
70%
Rio Grande do Norte 53 ABC
66%
Acre 45 Rio Branco
65%
Espírito Santo 37 Rio Branco
65%
Santa Catarina 17 Figueirense
64%
Distrito Federal 11 Gama
59%
Maranhão 32 Sampaio Corrêa
53%
Paraíba 27 Botafogo
48%
Sergipe 34 Sergipe
40%
Piauí 30 River
36%
Mato Grosso do Sul 10 Operário
35%
Amazonas 25 Nacional
34%
Mato Grosso 24 Mixto
30%
Amapá 17 Macapá
29%
Roraima 23 Baré
12%
Tocantins 6 Gurupi
12%
Rondônia 17 Ferroviário
9%
Nenhum quiz correspondente encontrado
Distribuição das Pontuações
Porcentagem de Pessoas com Cada Pontuação
Percentil de Números Respondidos
Sua Pontuação Histórica
Você não jogou esse quiz